| Tag |
First Indicator |
Second Indicator |
Subfields |
| LEADER |
00000cam a2200000Ia 4500 |
| 001 |
in00000021097 |
| 005 |
20151007060952.0 |
| 008 |
800627s1959 rm a b 000 0 rum d |
| 035 |
|
|
|a (OCoLC)ocm06465852
|
| 035 |
|
|
|a (OCoLC)06465852
|
| 035 |
|
|
|9 AAD0706AM
|
| 040 |
|
|
|a TXA
|c TXA
|d UtOrBLW
|
| 041 |
0 |
|
|a rum
|b rus
|b ger
|
| 049 |
|
|
|a TXAM
|
| 090 |
|
|
|a S603
|b .V38 1959
|
| 092 |
|
|
|a 631.582
|b V334a, 1959
|
| 100 |
1 |
|
|a Vasiliu, Amilcar.
|
| 245 |
1 |
0 |
|a Asolamentele rationale /
|c Amilcar Vasiliu.
|
| 264 |
|
1 |
|a [Bucuresti] :
|b Editura Academiei Republicii Populare Romine,
|c 1959.
|
| 300 |
|
|
|a 201 pages :
|b illustrations ;
|c 24 cm.
|
| 336 |
|
|
|a text
|b txt
|2 rdacontent
|
| 337 |
|
|
|a unmediated
|b n
|2 rdamedia
|
| 338 |
|
|
|a volume
|b nc
|2 rdacarrier
|
| 500 |
|
|
|a Summary in Russian and German.
|
| 546 |
|
|
|a Summaries in Russian and German.
|
| 500 |
|
|
|a Errata slip tipped in.
|
| 504 |
|
|
|a Includes bibliographical references (pages [189]-192).
|
| 650 |
|
0 |
|a Crop rotation.
|
| 949 |
|
|
|a updated
|b h
|c 2005/3/2
|e fpiscitelli
|f 3:20:20 pm
|
| 994 |
|
|
|a E0
|b TXA
|
| 999 |
|
|
|a MARS
|
| 999 |
f |
f |
|s 6a8f3313-bffe-31ce-937c-814bfb6ccde0
|i 6c741895-4605-39c4-9875-fcb195d8f886
|t 0
|
| 952 |
f |
f |
|p ric
|a Texas A&M University
|b Rellis Campus
|c Joint Library Facility
|d Remote Storage
|t 0
|e S603 .V38 1959
|h Library of Congress classification
|i unmediated -- volume
|m A14801067735
|
| 998 |
f |
f |
|a S603 .V38 1959
|t 0
|l Remote Storage
|